[Event "Bergen Sommer op"]
[Site "Bergen"]
[Date "2017.07.30"]
[Round "4"]
[White "Dyrhovden, Sigve"]
[Black "Ziegler, Lars"]
[Result "1-0"]
[WhiteElo "1850"]
[BlackElo "1622"]
[PlyCount "23"]
[EventDate "2017.07.28"]
[EventType "swiss"]
[EventRounds "5"]
[EventCountry "NOR"]
[SourceTitle "CBM 179 Extra"]
[Source "ChessBase"]
[SourceDate "2017.08.23"]
[SourceVersion "1"]
[SourceVersionDate "2017.08.23"]
[SourceQuality "1"]

1. d4 e6 2. c4 Bb4+ 3. Bd2 Bxd2+ 4. Qxd2 d6 5. Nf3 Qe7 6. Nc3 Nf6 7. g3 0-0 8. Bg2 Rd8 9. Rd1 Nbd7 10. 0-0 b6 11. Ne5 Nxe5 12. dxe5 1-0

[Event "Bergen Sommer op"]
[Site "Bergen"]
[Date "2017.07.29"]
[Round "2"]
[White "Kristoffersen, Arne Skodvin"]
[Black "Ziegler, Lars"]
[Result "1-0"]
[WhiteElo "1774"]
[BlackElo "1622"]
[PlyCount "59"]
[EventDate "2017.07.28"]
[EventType "swiss"]
[EventRounds "5"]
[EventCountry "NOR"]
[SourceTitle "CBM 179 Extra"]
[Source "ChessBase"]
[SourceDate "2017.08.23"]
[SourceVersion "1"]
[SourceVersionDate "2017.08.23"]
[SourceQuality "1"]

1. d4 e6 2. Bf4 c5 3. e3 b6 4. Nf3 Nf6 5. Nc3 Nc6 6. d5 Nxd5 7. Nxd5 exd5 8. Qxd5 Be7 9. Rd1 0-0 10. c3 a6 11. h4 Bb7 12. Qxd7 Na5 13. Ne5 Be4 14. Qa4 Bd5 15. e4 b5 16. Qc2 Bxe4 17. Qxe4 Qc8 18. Bd3 g6 19. h5 b4 20. hxg6 fxg6 21. Nxg6 Rf7 22. Nxe7+ Rxe7 23. Qxe7 Qe8 24. Qxe8+ Rxe8+ 25. Kf1 Kh8 26. Rxh7+ Kg8 27. Bc2 bxc3 28. bxc3 c4 29. Rdd7 Rf8 30. Rdg7# 1-0

[Event "Hordaland-ch NGP"]
[Site "Bergen"]
[Date "2017.05.27"]
[Round "3"]
[White "Ziegler, Lars"]
[Black "Lura, Njal"]
[Result "1-0"]
[WhiteElo "1390"]
[BlackElo "1500"]
[PlyCount "79"]
[EventDate "2017.05.25"]
[EventType "swiss"]
[EventRounds "6"]
[EventCountry "NOR"]
[SourceTitle "EXT 2024"]
[Source "ChessBase"]
[SourceDate "2023.10.10"]
[SourceVersion "1"]
[SourceVersionDate "2023.10.10"]
[SourceQuality "1"]

1. c4 Nf6 2. g3 g6 3. Bg2 Bg7 4. Nc3 0-0 5. Nf3 c5 6. 0-0 Nc6 7. d4 cxd4 8. Nxd4 Qb6 9. Nc2 d6 10. Rb1 Ne5 11. Ne3 Be6 12. b3 Nxc4 13. bxc4 Qa5 14. Bb2 Rac8 15. Ncd5 Nxd5 16. Nxd5 Bxd5 17. Bxd5 Rc7 18. Bxg7 Kxg7 19. Rxb7 Rxb7 20. Bxb7 Qxa2 21. Qa1+ Qxa1 22. Rxa1 Rb8 23. Bf3 Rc8 24. Rxa7 Kf6 25. Ra4 Rc7 26. e3 Ke5 27. Ra5+ Kf6 28. Be2 h6 29. Kg2 Ke6 30. Kf3 f5 31. e4 fxe4+ 32. Kxe4 Rb7 33. Ra8 Rb2 34. Ke3 Rb3+ 35. Bd3 Kf7 36. h4 Kg7 37. Ra5 Kf6 38. h5 g5 39. Ra8 g4 40. Rg8 1-0

[Event "Dortmund Sparkassen op-B 44th"]
[Site "Dortmund"]
[Date "2016.07.16"]
[Round "8"]
[White "Ziegler, Lars"]
[Black "Strack, Patrick"]
[Result "0-1"]
[WhiteElo "1487"]
[BlackElo "1541"]
[PlyCount "72"]
[EventDate "2016.07.09"]
[EventType "swiss"]
[EventRounds "9"]
[EventCountry "GER"]
[SourceTitle "CBM 173 Extra"]
[Source "ChessBase"]
[SourceDate "2016.08.29"]
[SourceVersion "1"]
[SourceVersionDate "2016.08.29"]
[SourceQuality "1"]

1. e4 e5 2. Nf3 Nc6 3. Nc3 Nf6 4. d4 exd4 5. Nxd4 Bb4 6. Nxc6 bxc6 7. Bd3 0-0 8. 0-0 h6 9. Qf3 Bxc3 10. bxc3 Re8 11. Bf4 d6 12. Rad1 Bg4 13. Qg3 Bxd1 14. Rxd1 Nh5 15. Qf3 Nxf4 16. Qxf4 Qg5 17. Qf3 Re6 18. e5 dxe5 19. Qe4 Qg6 20. Qb4 e4 21. Qb7 Rae8 22. Bc4 Qg4 23. Rd7 R6e7 24. Rxe7 Rxe7 25. Qxc6 Qd1+ 26. Bf1 Qxc2 27. Qd5 Qa4 28. h3 e3 29. Bb5 exf2+ 30. Kxf2 Qc2+ 31. Kg1 Qc1+ 32. Kh2 Qf4+ 33. g3 Qf2+ 34. Qg2 Qxg2+ 35. Kxg2 Re3 36. c4 Ra3 0-1

[Event "NOR-ch Class3"]
[Site "Oslo"]
[Date "2015.07.09"]
[Round "7"]
[White "Paulsen, Stig Atle"]
[Black "Ziegler, Lars"]
[Result "0-1"]
[WhiteElo "1424"]
[BlackElo "1322"]
[PlyCount "53"]
[EventDate "2015.07.04"]
[EventType "swiss"]
[EventRounds "9"]
[EventCountry "NOR"]
[SourceTitle "EXT 2017"]
[Source "ChessBase"]
[SourceDate "2016.10.25"]
[SourceVersion "1"]
[SourceVersionDate "2016.10.25"]
[SourceQuality "1"]

1. e4 e6 2. d4 d5 3. exd5 exd5 4. Bd3 Nc6 5. Be3 Bd6 6. Nc3 Nge7 7. h3 0-0 8. Qh5 g6 9. Qf3 Nb4 10. Bg5 Re8 11. 0-0-0 Nxd3+ 12. Rxd3 Qd7 13. g4 f5 14. Bxe7 Bxe7 15. Qxd5+ Qxd5 16. Nxd5 Bd8 17. Nf3 fxg4 18. hxg4 Bxg4 19. Ne5 Be6 20. Nc3 Bg5+ 21. Kb1 c6 22. Ne4 Be7 23. Rg3 Bf5 24. Nd2 Rad8 25. Ndf3 Be4 26. Nxg6 hxg6 27. Rh6 0-1

[Event "NOR-ch Class3"]
[Site "Oslo"]
[Date "2015.07.04"]
[Round "4"]
[White "Jakobsen, Oivind"]
[Black "Ziegler, Lars"]
[Result "1-0"]
[WhiteElo "1403"]
[BlackElo "1322"]
[PlyCount "69"]
[EventDate "2015.07.04"]
[EventType "swiss"]
[EventRounds "9"]
[EventCountry "NOR"]
[SourceTitle "EXT 2017"]
[Source "ChessBase"]
[SourceDate "2016.10.25"]
[SourceVersion "1"]
[SourceVersionDate "2016.10.25"]
[SourceQuality "1"]

1. d4 e6 2. c4 Bb4+ 3. Bd2 Bxd2+ 4. Nxd2 d6 5. Ngf3 Qe7 6. e3 e5 7. dxe5 dxe5 8. Be2 Nf6 9. Qc2 0-0 10. 0-0 Bg4 11. Rfe1 Nbd7 12. Ng5 Bxe2 13. Rxe2 a5 14. Rd1 h6 15. Nge4 a4 16. c5 Nxe4 17. Nxe4 b6 18. c6 Nc5 19. Red2 Nxe4 20. Qxe4 a3 21. b3 Rad8 22. Rd7 Rxd7 23. Rxd7 Rd8 24. Qd5 Rxd7 25. cxd7 Qd8 26. Kf1 Kf8 27. Ke2 f6 28. Qb5 Ke7 29. Qb4+ Kxd7 30. Qxa3 Ke6 31. Qa4 Qd5 32. Qe8+ Kf5 33. f3 Qc5 34. g4+ Kg5 35. Qh5# 1-0

[Event "NOR-ch Class3"]
[Site "Oslo"]
[Date "2015.07.04"]
[Round "9"]
[White "Lindsjorn, Yngve"]
[Black "Ziegler, Lars"]
[Result "0-1"]
[WhiteElo "1390"]
[BlackElo "1322"]
[PlyCount "110"]
[EventDate "2015.07.04"]
[EventType "swiss"]
[EventRounds "9"]
[EventCountry "NOR"]
[SourceTitle "EXT 2017"]
[Source "ChessBase"]
[SourceDate "2016.10.25"]
[SourceVersion "1"]
[SourceVersionDate "2016.10.25"]
[SourceQuality "1"]

1. e4 e6 2. d3 d5 3. Nd2 Nf6 4. e5 Nfd7 5. d4 c5 6. c3 Nc6 7. Ngf3 Qb6 8. Qb3 Qxb3 9. Nxb3 c4 10. Nbd2 f6 11. exf6 Nxf6 12. g3 Bd6 13. Bg2 0-0 14. 0-0 Bd7 15. Re1 h6 16. Nf1 b5 17. Bd2 Rab8 18. h3 b4 19. Rab1 Ne4 20. g4 Rb6 21. cxb4 Bxb4 22. Ne5 Nxd2 23. Nxd7 Nxb1 24. Rxe6 Nxd4 25. Rxb6 axb6 26. Bxd5+ Kh8 27. Nxf8 Bxf8 28. Bxc4 Nf3+ 29. Kg2 Nfd2 30. Nxd2 Nxd2 31. Bd3 g5 32. f3 Bd6 33. Kf2 Bf4 34. Ke2 Kg7 35. b3 Kf6 36. a4 Nxb3 37. Kf2 Ke5 38. Bb5 Kd4 39. Ke2 Nc5 40. Bc6 Kc3 41. Kd1 Kb4 42. Kc2 Nxa4 43. Kd3 Nc5+ 44. Kd4 Nb3+ 45. Ke4 Kc5 46. Be8 Nd2+ 47. Kf5 Nxf3 48. Kg6 Ng1 49. Kxh6 Nxh3 50. Kg6 b5 51. Kf5 b4 52. Ke4 Kc4 53. Kf3 Bc1 54. Ke2 Kc3 55. Bg6 Nf4+ 0-1

[Event "Rhein Main op-B 18th"]
[Site "Bad Homburg"]
[Date "2015.06.05"]
[Round "4"]
[White "Michel, Carsten"]
[Black "Ziegler, Lars"]
[Result "1-0"]
[WhiteElo "1758"]
[BlackElo "1305"]
[PlyCount "93"]
[EventDate "2015.06.03"]
[EventType "swiss"]
[EventRounds "7"]
[EventCountry "GER"]
[SourceTitle "CBM 167 Extra"]
[Source "ChessBase"]
[SourceDate "2015.09.14"]
[SourceVersion "1"]
[SourceVersionDate "2015.09.14"]
[SourceQuality "1"]

1. d4 e6 2. c4 Bb4+ 3. Nc3 c5 4. e3 Nf6 5. Bd3 d5 6. Nge2 dxc4 7. Bxc4 cxd4 8. exd4 0-0 9. 0-0 Qc7 10. Qb3 Bd6 11. g3 a6 12. Bf4 b5 13. Bd3 Bb7 14. Rac1 Qb6 15. Na4 Qd8 16. Bxd6 Qxd6 17. Nc5 Bd5 18. Qc2 Nbd7 19. b4 Nb6 20. Nc3 Bf3 21. Qd2 Rfd8 22. Qe3 Bc6 23. Rfd1 Kh8 24. Bf1 Nbd5 25. Qe5 Nxb4 26. a3 Nbd5 27. Bg2 Nxc3 28. Bxc6 Qxc6 29. Rxc3 Rd5 30. Qe3 Rc8 31. Rdc1 Re8 32. g4 Nxg4 33. Qf4 Nh6 34. Nd3 Qd6 35. Ne5 f6 36. Rc8 Rg8 37. Rxg8+ Kxg8 38. Rc8+ Qd8 39. Rxd8+ Rxd8 40. Nf3 Rd5 41. Qb8+ Kf7 42. Qc7+ Kg6 43. Qc8 Rd6 44. Qc2+ Kh5 45. Qxh7 e5 46. dxe5 fxe5 47. Nxe5 1-0